Loading...
Vyakaran sahachar
| Main Author: | |
|---|---|
| Format: | Printed Book |
| Published: |
Ganga
2015
|
| LEADER | 00287 a2200097 4500 | ||
|---|---|---|---|
| 020 | |a 8188717290 | ||
| 100 | |a Kapoor,Badarinath | ||
| 245 | |a Vyakaran sahachar | ||
| 260 | |b Ganga |c 2015 | ||
| 999 | |c 117684 |d 117684 | ||
| 952 | |0 0 |1 0 |2 ddc |4 0 |7 1 |9 127374 |a UL |b UL |c PROC |d 2018-04-05 |l 0 |p G11035 |r 2018-04-05 |w 2018-04-05 |y BK | ||